1017 vs the World Tracklist (Lil Uzi Vert & Gucci Mane) - Statistics

General Stats
  • This quiz has been taken 6 times
  • The average score is 2 of 7
Answer Stats
Hint Answer % Correct
1 Changed My Phone
67%
6 In '04
67%
2 Today
67%
4 Threesome
33%
3 Blonde Brigette
0%
5 Fresh
0%
7 Secure Bag
0%
No matching quizzes found
Score Distribution
Percent of People with Each Score
Percentile by Number Answered
Your Score History
You have not taken this quiz